| 000 | 00716nam a2200193 i 4500 | ||
|---|---|---|---|
| 001 | 85744 | ||
| 003 | ES-MaACL | ||
| 005 | 20250926063055.0 | ||
| 007 | t| | ||
| 008 | 041201s1936 sp ||||1| spa d | ||
| 100 | 1 |
_aJung, Carl G., _d1875-1961 _967282 |
|
| 245 | 1 | 3 |
_aEl yo y lo inconsciente / _cCharles Gustave Jung ; traducción directa del alemán por S. Montserrat Esteve ; con un estudio preliminar sobre la evolución de las ideas de Jung por Ramón Sarró. |
| 260 |
_aBarcelona : _b[s.n., _c1936] ( _fCosta y García) |
||
| 300 |
_a253 p. ; _c22 cm. |
||
| 700 | 0 |
_aMontserrat Esteve, Santiago. _982744 |
|
| 700 | 1 |
_aSarró, Ramón. _9103872 |
|
| 852 |
_aES-MaACL _jA-4164 |
||
| 999 |
_c85744 _d85744 |
||